Normal view
MARC view
Entry Topical Term
001 - CONTROL NUMBER
- control field: 27682
003 - CONTROL NUMBER IDENTIFIER
- control field: dpl
005 - DATE AND TIME OF LATEST TRANSACTION
- control field: 20110504170023.0
008 - FIXED-LENGTH DATA ELEMENTS
- fixed length control field: 110504|||a|||||| | ||| d
040 ## - CATALOGING SOURCE
- Original cataloging agency: dpl
- Transcribing agency: dpl
150 ## - HEADING--TOPICAL TERM
- Topical term or geographic name as entry element: Hindi language
- General subdivision: Political aspects
- Geographic subdivision: India
670 ## - SOURCE DATA FOUND
- Source citation: Work cat.: (dpl)27806: Orsini, Francesca 27680, The Hindi public sphere 1920-1940:, 2009
670 ## - SOURCE DATA FOUND
- Source citation: Work cat.: (dpl)27806: Orsini, Francesca 27680, The Hindi public sphere 1920-1940:, 2009
